Catálogo - Centro de Recursos para el Aprendizaje y la Investigación

Volver al Sitio - CRAI Biblioteca

Sexualidad humana (Registro nro. 113662)

Detalles MARC
000 -CABECERA
campo de control de longitud fija 01153nam a2200265Ia 4500
001 - NÚMERO DE CONTROL
campo de control 113661
003 - IDENTIFICADOR DEL NÚMERO DE CONTROL
campo de control DR-UNIBE
005 - FECHA Y HORA DE LA ÚLTIMA TRANSACCIÓN
campo de control 20250522103034.0
007 - CAMPO FIJO DE DESCRIPCIÓN FÍSICA--INFORMACIÓN GENERAL
campo de control de longitud fija cr nn 008mamaa
008 - DATOS DE LONGITUD FIJA--INFORMACIÓN GENERAL
campo de control de longitud fija 250522b2013 dr ||||| |||| 00| 0 spa d
020 ## - NÚMERO INTERNACIONAL ESTÁNDAR DEL LIBRO
Número Internacional Estándar del Libro 9789945580143 (electrónico)
040 ## - FUENTE DE LA CATALOGACIÓN
Centro catalogador/agencia de origen BIBLIOTECA UNIBE
Centro/agencia transcriptor BIBLIOTECA UNIBE
Normas de descripción rda
041 ## - CÓDIGO DE LENGUA
Código de lengua del texto/banda sonora o título independiente spa
100 1# - ENTRADA PRINCIPAL--NOMBRE DE PERSONA
Nombre de persona Zaldívar, Dionisio
Término indicativo de función/relación autor
9 (RLIN) 195849
245 10 - MENCIÓN DE TÍTULO
Título Sexualidad humana
260 4# - PUBLICACIÓN, DISTRIBUCIÓN, ETC.
Lugar de publicación, distribución, etc. Santiago de los Caballeros :
Nombre del editor, distribuidor, etc. Universidad Abierta para Adultos (UAPA),
Fecha de publicación, distribución, etc. 2013
300 4# - DESCRIPCIÓN FÍSICA
Extensión 243 páginas
505 ## - NOTA DE CONTENIDO CON FORMATO
Nota de contenido con formato <br/>UNIDAD I. INTRODUCCIÓN A LA SEXUALIDAD |<br/><br/><br/><br/>UNIDAD II. DESARROLLO DE LA SEXUALIDAD HUMANA |<br/><br/><br/><br/>UNIDAD III. CONCEPTO Y FUNCIONES DE LA SEXUALIDAD |<br/><br/><br/><br/>UNIDAD IV. ENFERMEDADES DE TRANSMISIÓN SEXUAL (ETS) |<br/><br/><br/><br/>UNIDAD V. OBSTÁCULOS EN LA VIDA SEXUAL |<br/><br/><br/><br/>UNIDAD VI. ASPECTOS ESPECIALES EN LA SEXUALIDAD |<br/><br/>
650 #7 - PUNTO DE ACCESO ADICIONAL DE MATERIA--TÉRMINO DE MATERIA
Término de materia o nombre geográfico como elemento de entrada Educación sexual
Fuente del encabezamiento o término lemb
650 #7 - PUNTO DE ACCESO ADICIONAL DE MATERIA--TÉRMINO DE MATERIA
Término de materia o nombre geográfico como elemento de entrada Sexo (Psicología)
Fuente del encabezamiento o término lemb
650 #7 - PUNTO DE ACCESO ADICIONAL DE MATERIA--TÉRMINO DE MATERIA
Término de materia o nombre geográfico como elemento de entrada Sexualidad
Fuente del encabezamiento o término lemb
9 (RLIN) 29775
951 ## - EQUIVALENCIA O REFERENCIA-CRUZADA--NOMBRE GEOGRÁFICO/NOMBRE DE ÁREA [OBSOLETO] [solamente CAN/MARC]
Nombre geográfico 20061022 10:18:00
856 ## - LOCALIZACIÓN Y ACCESO ELECTRÓNICOS
Identificador Uniforme del Recurso <a href="https://ebookcentral.proquest.com/lib/unibedr/detail.action?docID=6782164">https://ebookcentral.proquest.com/lib/unibedr/detail.action?docID=6782164</a>
942 ## - ELEMENTOS DE PUNTO DE ACCESO ADICIONAL (KOHA)
Tipo de ítem Koha e-Libro (en línea)
Fuente del sistema de clasificación o colocación Sistema de Clasificación Decimal Dewey
Existencias
Estado de retiro Estado de pérdida Fuente del sistema de clasificación o colocación No para préstamo Código de colección Localización permanente Ubicación/localización actual Fecha de adquisición Total de préstamos Código de barras Fecha visto por última vez Número de copia Precio válido a partir de Tipo de ítem Koha
  Disponible Sistema de Clasificación Decimal Dewey   e-Libro de Texto (en línea) Biblioteca Central UNIBE Biblioteca Central UNIBE 22/05/2025   EB0481 22/05/2025 copias ilimitadas 22/05/2025 e-Libro (en línea)